|
|
|
|
| LEADER |
00688nab a2200193 i 4500 |
| 001 |
misc27072 |
| 005 |
20191111110322.0 |
| 008 |
170926s1972 hu o 0|| zxx d |
| 040 |
|
|
|a SZTE Miscellanea Repozitórium
|b hun
|
| 041 |
|
|
|a zxx
|
| 100 |
1 |
|
|a Ormos Jenő
|
| 245 |
1 |
0 |
|a Beitrag zur Ultrastruktur der disseminierten intravasculären Coagulation in der Rattenniere nach Liquoid
|h [elektronikus dokumentum] /
|c Ormos Jenő
|
| 260 |
|
|
|c 1972
|
| 300 |
|
|
|a 151-164
|
| 490 |
0 |
|
|a Kolligátum
|
| 695 |
|
|
|a Kísérleti állatok, Vese - élettan
|
| 700 |
0 |
1 |
|a Biliczki Ferenc
|e aut
|
| 700 |
0 |
1 |
|a Csapó Zsolt
|e aut
|
| 856 |
4 |
0 |
|u http://misc.bibl.u-szeged.hu/27072/1/019_025_151-164.pdf
|z Dokumentum-elérés
|